000 00328nam a22001457a 4500
008 221121b ||||| |||| 00| 0 eng d
020 _a0851092705
041 _aeng
080 _222
_a621
082 _a621 MOT
100 _a19.1
101 _aMOTT N.F
245 _aELEMENTARY QUANTUM MECHANICS
_cMOTT.N.F
942 _2udc
_cBK
999 _c58968
_d58968